| 000 | 00505nam a22001937a 4500 | ||
|---|---|---|---|
| 005 | 20251024163854.0 | ||
| 008 | 251024b |||||||| |||| 00| 0 eng d | ||
| 037 | _cTB | ||
| 040 |
_aAL _cAL |
||
| 041 |
_2ENG _aENG |
||
| 084 | _bAL | ||
| 100 |
_aHarney, Stefano _9849541 |
||
| 245 | _aNationalism & identity | ||
| 260 |
_aLondon, UK: _bZed Books, _c1996. |
||
| 300 | _a216p. | ||
| 365 |
_b13.95 _cPD |
||
| 942 |
_2CC _cTB _n0 |
||
| 999 |
_c1465057 _d1465057 |
||